|
|
|
|
| LEADER |
00000nab a2200000 a 4500 |
| 001 |
vtls000513703 |
| 003 |
SK-MaSNL |
| 005 |
20260305032944.0 |
| 008 |
160204c1992 xo 0 slo |
| 015 |
|
|
|a SNBRA19rr/mm-uuuuu
|
| 035 |
|
|
|a CL0513841
|
| 040 |
|
|
|a SNKBUCL
|b slo
|c SNKBUCL
|e AACR2
|
| 041 |
0 |
|
|a slo
|
| 044 |
|
|
|a xo
|c SK
|
| 080 |
|
|
|a 911.53(437.654):338.48
|2 1981
|
| 080 |
|
|
|a 338.48
|2 1981
|
| 100 |
1 |
|
|a Dubcová, Alena,
|d 1954-
|4 aut
|9 7905
|
| 245 |
1 |
0 |
|a Predpoklady rozvoja cestovného ruchu a rekreácie v okrese Prievidza
|c Alena Dubcová, Hilda Kramáreková
|
| 300 |
|
|
|b Mp. 4, tab. 8, res. angl., nem., lit. 13 zázn. v slov.
|
| 650 |
0 |
7 |
|a ruch cestovný
|2 snkbucl
|9 467000
|
| 650 |
0 |
7 |
|a rekreácie
|2 snkbucl
|9 114220
|
| 651 |
|
7 |
|a 5308
|2 snkbucl
|9 279395
|
| 651 |
|
7 |
|a Prievidza (Slovensko : okres)
|2 snkbucl
|9 71029
|
| 655 |
|
7 |
|a články zo zborníkov
|2 snkbucl
|9 166140
|
| 700 |
1 |
|
|a Kramáreková, Hilda,
|d 1959-
|4 aut
|9 200125
|
| 773 |
0 |
|
|t Geografické štúdie 1
|d Nitra : Vysoká škola pedagogická, 1992
|g S. 69-97
|z 8085183889
|
| 850 |
|
|
|a Slovenská národná knižnica v Martine
|a MTA001
|
| 852 |
|
|
|a SNK
|b KIS3GCP
|
| 958 |
|
|
|a NB
|
| 958 |
|
|
|a RK
|
| 992 |
|
|
|a RZB
|
| 999 |
|
|
|c 3322288
|d 3324218
|